000 00568nam a2200145Ia 4500
008 151213s9999 xx 000 0 und d
100 _aজুবাইদা গূুলশান আরা।
245 _aচৈতী তোমার ভালোবাসা
_cজুবাইদা গূুলশান আরা।
260 _bকরিম বুক করপোরেশন।
_c1994
300 _a8671 p.
650 _aBangla
650 _aউপন্ন্যাস।
700 _aজুবাইদা গূুলশান আরা।
999 _c4457
_d4457